000 00287 a2200145 4500
001 182569
020 _a85-7041369-6
040 _cMagnum
100 _aAzevedo, AluĂ­sio
240 1 0 _aO homem
_lpor
245 1 0 _aO homem
300 _a219
697 _aLITERATURA GERAL
942 _cBK
999 _c182569
_d182569